Joan Font : la descoberta d'un nou llenguatge teatral / la descoberta d'un nou llenguatge teatral /
ISBN:
9788419091284
Descripción Física:
188 pàgines : il·lustrat ; 20 cm
Descripción:
" Aquest llibre, a més d'una molt extensa conversa entre dos amics repassant la vida artistica de Joan Font, creador i director de Comediants, és un llibre de viatges. Si, perquè al llarg de més de deu sessions molt intenses, el Joan Font i el Piti Español han tornat a recórrer l'incr...
Colección:
Converses (Institut del Teatre (Barcelona, Catalunya))
; 7
Otros Autores:
Español, Piti
Materias:
Font, Joan, -- 1949- -- Intervius.
; Comediants (Grup de teatre)
; Directors escènics -- Catalunya -- S. XX -- Intervius
; Companyies teatrals -- Catalunya -- S. XX
Idioma:
Catalán
MARC
| LEADER | 00000cam a2200000 i 4500 | ||
|---|---|---|---|
| 001 | 991060724936806706 | ||
| 005 | 20260324181143.0 | ||
| 008 | 220803e202205--spca||||r|||||0|| |dcat|c | ||
| 017 | |a B 12826-2022 |b Biblioteca de Catalunya | ||
| 020 | |a 9788419091284 | ||
| 040 | |a ES-BaIT |b cat |e rda |c ES-BaIT | ||
| 080 | |a 792.027.07Font, Joan | ||
| 100 | 1 | |a Font, Joan, |d 1949- |e entrevistat |9 55697 | |
| 245 | 1 | 0 | |a Joan Font : |b la descoberta d'un nou llenguatge teatral / |c Piti Español |
| 246 | 3 | 3 | |a La descoberta d'un nou llenguatge teatral |
| 250 | |a Primera edició | ||
| 264 | 1 | |a Barcelona : |b Institut del Teatre, |c maig del 2022 | |
| 300 | |a 188 pàgines : |b il·lustrat ; |c 20 cm | ||
| 336 | |a text |b txt |2 rdacontent | ||
| 337 | |a sense mediació |b n |2 rdamedia | ||
| 338 | |a volum |b nc |2 rdacarrier | ||
| 490 | 1 | |a Converses ; |v 7 | |
| 500 | |a El llibre s'acompanya de dos dossiers en format PDF (Dossier digital i Àlbum de fotos) | ||
| 520 | |a " Aquest llibre, a més d'una molt extensa conversa entre dos amics repassant la vida artistica de Joan Font, creador i director de Comediants, és un llibre de viatges. Si, perquè al llarg de més de deu sessions molt intenses, el Joan Font i el Piti Español han tornat a recórrer l'increïble viatge de la vida teatral del Joan, tant amb Comediants, dels qual en va ser creador i director, com pel seu compte. I això els ha permès, i permetrà al lector, viatjar i actuar pels cinc continents, assistir a la creació i consolidació d'un nou llenguatge teatral i escènic, conèixer gent de tot tipus, cremar ciutats i tancar Jocs Olímpics, muntar òperes a Houston, cavalcades a Sevilla i festes a tot arreu...i fer-ho emocionant, sorprenent, provocant la reflexió, el riure i, de vegades, el plor a gent de tot el món amb obres de teatre, espectacles de carrer, llibres, pel·lícules, circ, òperes, cursos pedagògics i intervencions teatrals de tota mena. Aquest llibre és, doncs, una conversa i un viatge teatral i vital, únic i fabulós." -- Contracoberta | ||
| 533 | |a Reproducció digital disponible a RedIT | ||
| 600 | 1 | 7 | |a Font, Joan, |d 1949- |x Intervius. |2 lemac |
| 610 | 2 | 4 | |a Comediants (Grup de teatre) |9 55694 |
| 650 | 7 | |a Directors escènics |z Catalunya |y S. XX |x Intervius | |
| 650 | 0 | 4 | |a Companyies teatrals |z Catalunya |y S. XX |9 35975 |
| 700 | 1 | |a Español, Piti, |e entrevistador | |
| 710 | 2 | |a Institut del Teatre (Barcelona, Catalunya), |e entitat editora |9 52662 | |
| 730 | 0 | |a Reservori digital de l'Institut del Teatre (RedIT) | |
| 830 | 0 | |a Converses (Institut del Teatre (Barcelona, Catalunya)) ; |v 7 | |
| 856 | 4 | 1 | |z Accés lliure (RedIT) |u http://hdl.handle.net/20.500.11904/1233 |
| 908 | |a CDMAE | ||
| 940 | |a CDMAE | ||
| 942 | |2 udc |c ARXIU |n 1 | ||
| 952 | |0 0 |1 0 |2 udc |4 0 |6 BIB1000 |7 1 |9 63997 |a Arxiu |b Arxiu |d 2022-10-17 |l 0 |o Bib-1000 |p 26883 |r 2022-10-17 00:00:00 |w 2022-10-17 |y ARXIU | ||
| 999 | |c 82715 |d 82715 | ||